Vplyv COVID-19 na štruktúru výdavkov domácností na Slovensku diplomová práca

Salvato in:
Dettagli Bibliografici
Autore principale: Andrejcová, Nikola
Ente Autore: Podnikovohospodárska fakulta EU so sídlom v Košiciach. Katedra kvantitatívnych metód
Altri autori: Megyesiová, Silvia, 1969-
Natura: Libro
Lingua:slovacco
Pubblicazione: Košice 2024
Tags: Aggiungi Tag
Nessun Tag, puoi essere il primo ad aggiungerne!!

MARC

LEADER 00000nbm a2200000 4500
001 0301399
005 20250224100411.7
041 0 |a slo 
044 |a SK 
245 1 0 |a Vplyv COVID-19 na štruktúru výdavkov domácností na Slovensku  |b diplomová práca  |c Nikola Andrejcová ; školiteľ: Silvia Megyesiová 
264 1 |a Košice  |c 2024 
300 |a 85 s. 
100 1 |a Andrejcová, Nikola 
700 1 |a Megyesiová, Silvia, 1969- 
710 2 |a Podnikovohospodárska fakulta EU so sídlom v Košiciach. Katedra kvantitatívnych metód